Geography : Administrative district names by current or former country - Statistics

General Stats
  • This quiz has been taken 15 times
  • The average score is 6 of 15
Answer Stats
Country District % Correct
Switzerland canton
90%
United States of America state
90%
Russia oblast
80%
Italy regione
70%
Germany bundesland
40%
France department
40%
Mongol Empire (from 1259) khanate
30%
China province
30%
Roman Empire province
30%
Ottoman Empire sandjak
20%
United Kingdom shire
20%
City-state of Athens demesne
10%
Persian Empire satrapy
10%
Inca Empire suyu
10%
Poland vojvodina
10%
No matching quizzes found
Score Distribution
Percent of People with Each Score
Percentile by Number Answered
Your Score History
You have not taken this quiz